000 00474nam a2200157Ia 4500
008 160316s2001 xxu||||| |||| 00| 0 eng d
082 _a330.092000
_bBAL
100 _aBalasubramanyam V N
245 _aConversations with Indian economists
250 _a
260 _aNew Delhi
_bMacmillan Publishing Co.
_c2001
300 _a203p
_b
_cvii
365 _b
650 _a1. Economic Policies - Formulations - Implementation - A Dialogue - Eminent Economicsts
700 _a
_a
999 _c19278
_d19278